000 006120000a22001690004500
090 _aAR
_b01884
245 1 0 _aPreliminary report No. 3: water rats (<genus Nectomys>), with supplemental notes on related forms
650 1 4 _aRoedores
_97408
650 1 4 _aDistribución geográfica
_992997
650 1 4 _aMorfometría animal
_995249
651 4 _lRío Tarra
_dNorte de Santander
_pColombia
_992749
653 _gNectomys
_eNectomys squamipes
041 0 _aInglés
100 1 _aHershkovitz, Philip
_994550
942 _cARTICULO
773 1 _tProceedings of the United States National Museum
_3484
_h3221
_q49-56
_d1948
_g98
999 _c10961
_d10961